| 000 | 00546nam a22001577a 4500 | ||
|---|---|---|---|
| 003 | OSt | ||
| 005 | 20150912112111.0 | ||
| 008 | 150912b xxu||||| |||| 00| 0 eng d | ||
| 040 | _cRUA | ||
| 082 | _aAGR SOU 1997 B018 Or.1 | ||
| 100 |
_9306 _aSOURS, SOPHAL |
||
| 245 | _aRobber planting technique of memot robber plantation company ការដាំដំណាំកៅស៊ូនៅក្រុមហ៊ុនចំការកៅស៊ូមេមត់ | ||
| 260 |
_aPhnom Penh _bRUA _c1997 |
||
| 300 |
_a112p. _bill. _c29cm. |
||
| 942 |
_2ddc _cAGR |
||
| 999 |
_c283 _d283 |
||